| 000 | 01376 a2200421 4500 | ||
|---|---|---|---|
| 264 |
_aAnkara: _bTOBB ETÜ Fen Bilimleri Enstitüsü, _c2013 |
||
| 999 |
_c200130654 _d30571 |
||
| 001 | 200130654 | ||
| 003 | TR-AnTOB | ||
| 005 | 20260210134041.0 | ||
| 008 | 131009s2013 tu 000 0 | ||
| 040 |
_aTR-AnTOB _cTR-AnTOB |
||
| 041 | 0 | _atur | |
| 099 | _aTEZ TOBB FBE MAT YL'13 ÇET | ||
| 100 | 1 |
_aÇetinkaya, Leyla _993492 |
|
| 245 | 1 | 0 |
_aSimetrik fibonacci matrisi / _cLeyla Çetinkaya. |
| 300 |
_aix, 39 sayfa; _c29 cm. |
||
| 336 |
_2rdacontent _atext _btxt |
||
| 337 |
_2rdamedia _aunmediated _bn |
||
| 338 |
_2rdacarrier _avolume _bnc |
||
| 502 | _aTez (Y. Lisans)--TOBB ETÜ Fen Bilimleri Enstitüsü Eylül 2013 | ||
| 504 | _aIncludes bibliographical references. | ||
| 650 | 0 | 0 |
_932546 _aTezler, Akademik |
| 650 | 0 | 0 |
_aDissertations, Academic _932543 |
| 653 | _aSpectral radius. | ||
| 653 | _aDeterminant. | ||
| 653 | _aLU ve Cholesky factorization. | ||
| 653 | _aFibonacci and Lucas numbers. | ||
| 653 | _aSymmetric matrix. | ||
| 653 | _aSpektiral yarıçap. | ||
| 653 | _aDeterminant. | ||
| 653 | _aLU ve Cholesky çarpanlaması. | ||
| 653 | _aFibonacci ve Lucas sayıları. | ||
| 653 | _aSimetrik matris. | ||
| 710 | 2 |
_aTOBB Ekonomi ve Teknoloji Üniversitesi. _bFen Bilimleri Enstitüsü _977078 |
|
| 856 | _ahttps://tez.yok.gov.tr/ | ||
| 942 |
_cTEZ _2z |
||